BUBT Library Online Catalog

Practice in accounting (Vol-1) (Record no. 5)

000 -LEADER
fixed length control field 00585nam a22002057a 4500
003 - CONTROL NUMBER IDENTIFIER
control field BUBTL
008 - FIXED-LENGTH DATA ELEMENTS--GENERAL INFORMATION
fixed length control field 140128b xxu||||| |||| 00| 0 eng d
082 ## - DEWEY DECIMAL CLASSIFICATION NUMBER
Classification number 657.042/BAP
100 ## - MAIN ENTRY--PERSONAL NAME
9 (RLIN) 7
Personal name Basu, Shankar Prasad
245 ## - TITLE STATEMENT
Title Practice in accounting (Vol-1)
Statement of responsibility, etc. by Shankar Prasad Bosu & Monolal Das.
Remainder of title
250 ## - EDITION STATEMENT
Edition statement 8th
260 ## - PUBLICATION, DISTRIBUTION, ETC. (IMPRINT)
Place of publication, distribution, etc. Kolkata
Name of publisher, distributor, etc. Ralindra Library
Date of publication, distribution, etc. c2000
300 ## - PHYSICAL DESCRIPTION
Extent [xvi] , 1243p . :
Other physical details ill . ; 24cm.
600 #0 - SUBJECT ADDED ENTRY--PERSONAL NAME
9 (RLIN) 8
Personal name Das, Monilal
650 ## - SUBJECT ADDED ENTRY--TOPICAL TERM
Topical term or geographic name as entry element Accounting
9 (RLIN) 3525
700 ## - ADDED ENTRY--PERSONAL NAME
9 (RLIN) 8
Personal name Das, Monilal
856 ## - ELECTRONIC LOCATION AND ACCESS
Password 0
Logon 0
Link text Download
942 ## - ADDED ENTRY ELEMENTS (KOHA)
Source of classification or shelving scheme
Koha item type Books

No items available.

More Information About Library

Library Hours

  • Open: 9.00 am. to 9.00 pm.
  • Only Sunday: 9.00 am. to 6.00 pm.
  • Closed: Holiday

Contact to the University

Bangladesh University of Business and Technology Library

  • Mirpurl-2, 1216.
  • Phone:
  • Fax:
  • E-Mail: admin.library@bubt.edu.bd

Contact to the Library

Contact Person:

Md. Abdul Hakim Shah
Joint Librarian
PABX No:  113
Cell No: 01816332931
E-mail: official: admin.library@bubt.edu.bd
Personal: hakim.shah@bubt.edu.bd


BUBT Library

Copyright © 2021